000 00803nam a22002177a 4500
999 _c9306
_d9306
003 AR-CdUCM
008 190327b ||||| |||| 00| 0 spa d
040 _aMUNICIPALIDAD PROVINCIAL DEL CUSCO
_cBIBLIOTECA MUNICIPAL DEL CUSCO
082 _a340.1 /
_bP27
100 _aPashukanis, E. B.
_925418
245 _aLa teoría general del derecho y el Marxismo :
_bteoría y praxis /
260 _aMexico :
_bGrijalbo,
_c1976.
300 _a206 páginas ;
_c19 cm.
505 _aLas tareas de la teoría general del derecho -- Los métodos de construcción de lo concreto en la ciencia abstracta -- Ideología y derecho...
650 _aDerecho.
_9739
650 _aEstado.
_9738
650 _aMoralidad.
_93469
700 _aSanchez Vazquez, Adolfo (prólogo)
_925419
942 _2ddc
_cLIBROS
945 _awfj